000
00190nam a2200109Ia 4500
100
_a
#N/A
942
_c
BK
654
_a
DIGIT
245
_a
DIGIT
260
_b
#N/A
_c
2009
546
_a
ENGLISH
999
_c
24089
_d
24089